000 00616cam a2200241 4500
001 M1272
008 090401t1992 xxu||||| |||| 00| 0 eng d
035 _a(Sirsi) u30880
041 _aeng
050 _a630.026
090 _a630.026
110 _aCentral Association of Agricultural Valuers
245 _aAnnual tenanted farms survey 1992.
260 _bCAAV
_c1992
300 _a(7)p. ; 30cm.
350 _a0
650 _aPROPERTY-LANDLORD AND TENANT-TENANCIES-AGRICULTURAL TENANCIES
650 _aFARMING
650 _aSTATISTICS
690 _aRURAL PRACTICE
942 _n0
948 _c04/03/1997
999 _c89522
_d89522